000 004550000a22001690004500
003 MACL
005 20160804124920.0
008 160804b xxu||||| |||| 00| 0 eng d
040 _aMACL
_cMACL
041 _aEnglish
082 _a823 THA
100 _aThackeray, W.M.
_928641
245 _aThe Virginians
_bA Tale of The Last century
_cW. M. Thackeray
260 _bBradbury & Evans
_c1858
_aLondon
650 _aStory
_966172
942 _cBK
_k823/THA
_2ddc
999 _c37500
_d37500